000 00889nam a2200265 i 4500
001 bg
245 0 0 _aRachunek kosztów dla inżynierów /
_cH. J. Warnecke [et al.] ; z niem. przeł. Tadeusz Olszowski.
246 _iTyt. oryg.:
_aKostenrechnung für Ingenieure
260 _aWarszawa :
_bWydawnictwa Naukowo-Techniczne,
_c1993.
300 _a232 s. :
_brys., wykr. ;
_c24 cm.
500 _aOryg. : "Kostenrechnung für Ingenieure" 1990.
504 _aBibliogr. s. 227-229. - Indeks.
650 9 _aKoszty
_xprzemysł
_xrachunkowość
650 9 _aRachunkowość przemysłowa
655 _aPodręczniki akademickie
700 1 _aOLSZOWSKI, Tadeusz.
_eTł.
700 1 _aWARNECKE, H. J.
020 _a8320415926
040 _cBPK
041 1 _apl
_hde
080 _a657.47::66/69(075.8)
920 _a83-204-1592-6
942 _cKS
008 s pl f |000 0 pol
999 _c25212
_d25212
856 _uhttp://koha.tu.koszalin.pl/cgi-bin/koha/opac-detail.pl?biblionumber=25212
_yKatalog online BPK